Normal view
MARC view
- SHARMA SUBASH
Entry Personal Name
001 - CONTROL NUMBER
- control field: 7659
003 - CONTROL NUMBER IDENTIFIER
- control field: OSt
005 - DATE AND TIME OF LATEST TRANSACTION
- control field: 20230223084507.0
008 - FIXED-LENGTH DATA ELEMENTS
- fixed length control field: 230223|| aca||aabn | a|a d
040 ## - CATALOGING SOURCE
- Original cataloging agency: OSt
- Transcribing agency: OSt
100 ## - HEADING--PERSONAL NAME
- Personal name: SHARMA SUBASH
670 ## - SOURCE DATA FOUND
- Source citation: Work cat.: (OSt)12233: SHARMA SUBASH, HEALTH AND PHYSICAL EDUCATION XI